[Event "Budapest SixDays 01 IM-B"]
[Site "Budapest"]
[Date "2024.02.01"]
[Round "9"]
[White "Varadi, Viktor"]
[Black "Mouhamad, Joachin"]
[Result "1-0"]
[WhiteElo "2368"]
[BlackElo "2316"]
[PlyCount "91"]
[EventDate "2024.01.27"]
[EventType "tourn"]
[EventRounds "9"]
[EventCountry "HUN"]
[SourceTitle "CB06_2024"]
[SourceDate "2024.02.07"]
[SourceVersion "1"]
[SourceVersionDate "2024.02.07"]
[SourceQuality "1"]

1. e4 c5 2. Nf3 d6 3. d4 cxd4 4. Nxd4 Nf6 5. Nc3 Nc6 6. Bc4 Qb6 7. Nb3 e6 8. Bf4 Ne5 9. Be2 Bd7 10. g4 Bc6 11. f3 Be7 12. Qd2 0-0 13. Be3 Qc7 14. g5 Ne8 15. f4 Nd7 16. Nd4 a6 17. 0-0-0 b5 18. a3 Nc5 19. Nxc6 Qxc6 20. Rhf1 Rb8 21. f5 a5 22. f6 gxf6 23. gxf6 Nxf6 24. Bh6 Kh8 25. Bxf8 Rxf8 26. Bxb5 Qb7 27. Rde1 Ng4 28. Rg1 Rg8 29. Kb1 Rg6 30. Ref1 Kg7 31. Be2 Ne5 32. Bh5 a4 33. Bxg6 hxg6 34. Qd4 Bf6 35. Rxf6 Kxf6 36. Nxa4 Nxe4 37. Nc3 Nxc3+ 38. Qxc3 Ke7 39. Rd1 Qb8 40. a4 g5 41. a5 d5 42. b3 Nc4 43. Ka2 Nd6 44. Qg7 Ne4 45. Rf1 Qe8 46. a6 1-0

[Event "Budapest SixDays 01 IM-B"]
[Site "Budapest"]
[Date "2024.01.28"]
[Round "2"]
[White "Varadi, Viktor"]
[Black "Ihnat, Marek1"]
[Result "1-0"]
[WhiteElo "2368"]
[BlackElo "2111"]
[PlyCount "69"]
[EventDate "2024.01.27"]
[EventType "tourn"]
[EventRounds "9"]
[EventCountry "HUN"]
[SourceTitle "CB06_2024"]
[SourceDate "2024.02.07"]
[SourceVersion "1"]
[SourceVersionDate "2024.02.07"]
[SourceQuality "1"]

1. e4 c5 2. Nf3 d6 3. d4 cxd4 4. Nxd4 Nf6 5. Nc3 g6 6. Be3 Bg7 7. f3 0-0 8. Qd2 Nc6 9. Bc4 Bd7 10. 0-0-0 Rc8 11. Bb3 Nxd4 12. Bxd4 b5 13. Nd5 Nxd5 14. Bxg7 Kxg7 15. exd5 Qb6 16. a3 a5 17. Rhe1 Rfe8 18. g4 Rc7 19. Re2 Rb7 20. Rde1 Bc8 21. h4 a4 22. Ba2 Qc5 23. h5 b4 24. axb4 Rxb4 25. hxg6 hxg6 26. Rh2 Qd4 27. Qh6+ Kf6 28. Qh4+ Kg7 29. c3 Qf4+ 30. Kb1 Rb8 31. Re4 Bf5 32. gxf5 Rxb2+ 33. Kxb2 Rb8+ 34. Kc2 Qxf3 35. f6+ 1-0

[Event "Budapest SixDays 01 IM-B"]
[Site "Budapest"]
[Date "2024.01.27"]
[Round "1"]
[White "Nemitz, Alfred"]
[Black "Varadi, Viktor"]
[Result "1/2-1/2"]
[WhiteElo "2223"]
[BlackElo "2368"]
[PlyCount "120"]
[EventDate "2024.01.27"]
[EventType "tourn"]
[EventRounds "9"]
[EventCountry "HUN"]
[SourceTitle "CB06_2024"]
[SourceDate "2024.02.07"]
[SourceVersion "1"]
[SourceVersionDate "2024.02.07"]
[SourceQuality "1"]

1. d4 d5 2. c4 e6 3. Nc3 Nf6 4. cxd5 exd5 5. Bg5 c6 6. Qc2 h6 7. Bh4 Be7 8. e3 0-0 9. Bd3 Nbd7 10. Nf3 Re8 11. 0-0 a5 12. h3 Bd6 13. e4 dxe4 14. Nxe4 Be7 15. Rfe1 Nxe4 16. Rxe4 Bxh4 17. Rxe8+ Qxe8 18. Nxh4 Nf6 19. Bc4 Qe4 20. Qxe4 Nxe4 21. Ng6 Nd6 22. Ne5 Bf5 23. g4 Nxc4 24. Nxc4 Be6 25. b3 Kf8 26. f3 Ke7 27. Kf2 b5 28. Ne5 Kd6 29. Nd3 a4 30. Rb1 axb3 31. axb3 Ra3 32. Nc5 Ra2+ 33. Ke3 Bd5 34. Nd3 g5 35. h4 Ra3 36. hxg5 hxg5 37. Nc5 f6 38. Rb2 Ra1 39. Kf2 Rh1 40. Ke3 Re1+ 41. Kf2 Rc1 42. Ne4+ Bxe4 43. fxe4 Rc3 44. Re2 Rxb3 45. e5+ Ke6 46. exf6+ Kxf6 47. Rc2 Ke6 48. Rxc6+ Kd5 49. Rc5+ Kxd4 50. Rxg5 b4 51. Rb5 Kc4 52. Rb8 Rd3 53. Rc8+ Kb3 54. g5 Rd5 55. g6 Rg5 56. Rc6 Ka4 57. Kf3 Kb5 58. Kf4 Rg1 59. Re6 b3 60. Re3 Rxg6 1/2-1/2

[Event "HUN-ch Rapid"]
[Site "Ajka"]
[Date "2023.07.23"]
[Round "10"]
[White "Varadi, Viktor"]
[Black "Van Foreest, Jorden"]
[Result "0-1"]
[WhiteElo "2373"]
[BlackElo "2693"]
[PlyCount "86"]
[EventDate "2023.07.21"]
[EventType "swiss (rapid)"]
[EventRounds "13"]
[EventCountry "HUN"]
[SourceTitle "CBM 215 Extra"]
[Source "ChessBase"]
[SourceDate "2023.09.30"]
[SourceVersion "1"]
[SourceVersionDate "2023.09.30"]
[SourceQuality "1"]

1. e4 c5 2. Nf3 d6 3. d4 cxd4 4. Nxd4 Nf6 5. Nc3 a6 6. Bg5 Nc6 7. Bxf6 gxf6 8. Bc4 e6 9. Bb3 Qb6 10. Nxc6 bxc6 11. Qh5 Bd7 12. 0-0 Rg8 13. Rad1 Rg6 14. Rd3 Rd8 15. Rg3 Rh6 16. Qe2 Qa5 17. Bc4 Ra8 18. h3 Rg6 19. Rg4 Be7 20. Kh1 Kf8 21. f4 Qh5 22. Rxg6 Qxe2 23. Rg8+ Kxg8 24. Bxe2 d5 25. Bd3 a5 26. b3 Rb8 27. a4 Bd6 28. exd5 cxd5 29. Bb5 Bc8 30. Ne2 Bb7 31. Nd4 Rc8 32. Bd3 Bc5 33. Ne2 Be3 34. Ng3 Kf8 35. Kh2 h6 36. Rf3 Bb6 37. Rf1 Ke7 38. Re1 Kd6 39. Nh5 Bd4 40. g4 e5 41. fxe5+ fxe5 42. Bf5 Rc3 43. Rf1 e4 0-1

[Event "HUN-chT2 Barcza 1516"]
[Site "Hungary"]
[Date "2016.03.20"]
[Round "9.3"]
[White "Varadi, Viktor"]
[Black "Kun, Imre"]
[Result "1-0"]
[WhiteElo "2363"]
[BlackElo "1944"]
[PlyCount "119"]
[EventDate "2015.09.13"]
[EventType "team-tourn"]
[EventRounds "11"]
[EventCountry "HUN"]
[SourceTitle "EXT 2017"]
[Source "ChessBase"]
[SourceDate "2016.10.25"]
[SourceVersion "1"]
[SourceVersionDate "2016.10.25"]
[SourceQuality "1"]
[WhiteTeam "Kwizda Sakkiskola"]
[BlackTeam "Nadudvar"]
[WhiteTeamCountry "HUN"]
[BlackTeamCountry "HUN"]

1. c4 c5 2. Nf3 Nf6 3. g3 Nc6 4. Bg2 g6 5. 0-0 Bg7 6. Nc3 d6 7. d3 0-0 8. Bd2 Bg4 9. a3 Nd4 10. Nxd4 cxd4 11. Nd5 Nxd5 12. Bxd5 Bh3 13. Re1 Qd7 14. b4 Rac8 15. b5 Be6 16. Bg2 h5 17. Qa4 a6 18. Reb1 Rc5 19. Rb2 Rfc8 20. Qd1 d5 21. Bb4 dxc4 22. Bxc5 c3 23. Rb4 Rxc5 24. bxa6 bxa6 25. Qc2 Bd5 26. e3 dxe3 27. fxe3 a5 28. Rb8+ Kh7 29. d4 Rc4 30. Bf1 Rc7 31. Qd1 Qe6 32. Qd3 Qg4 33. Bg2 Bc4 34. Qc2 Bh6 35. Re1 Be6 36. Rb5 a4 37. d5 Bd7 38. Rb4 Qf5 39. Re4 Qxd5 40. Rxe7 Qd2 41. Re2 Qd6 42. Rxf7+ Kg8 43. Rff2 Bg7 44. Re1 Qb6 45. Be4 Be8 46. Bd5+ Kh8 47. Qe4 Bd7 48. Rb1 Qc5 49. Rb8+ Rc8 50. Rxc8+ Bxc8 51. Qe8+ Kh7 52. Be4 Qg5 53. Qxc8 Qxe3 54. Qe6 Qg5 55. Kg2 h4 56. Rf4 hxg3 57. hxg3 Bh6 58. Bd5 Qd8 59. Rf7+ Bg7 60. Qh3+ 1-0

[Event "HUN-chT2 Maroczy 1314"]
[Site "Hungary"]
[Date "2014.04.13"]
[Round "10"]
[White "Szalanczy, Emil"]
[Black "Varadi, Viktor"]
[Result "1/2-1/2"]
[WhiteElo "2261"]
[BlackElo "2391"]
[PlyCount "148"]
[EventDate "2013.09.08"]
[EventType "team-tourn"]
[EventRounds "11"]
[EventCountry "HUN"]
[SourceTitle "EXT 2016"]
[Source "ChessBase"]
[SourceDate "2015.10.08"]
[SourceVersion "1"]
[SourceVersionDate "2015.10.08"]
[SourceQuality "1"]
[WhiteTeam "Szigetszentmiklos"]
[BlackTeam "Debrecen SBK"]
[WhiteTeamCountry "HUN"]
[BlackTeamCountry "HUN"]

1. e4 c5 2. Nf3 d6 3. d4 cxd4 4. Nxd4 Nf6 5. Nc3 a6 6. Be3 e6 7. g4 e5 8. Nf5 g6 9. Qe2 gxf5 10. exf5 Bd7 11. 0-0-0 Bc6 12. Rg1 h5 13. g5 Ng4 14. Bg2 Nxe3 15. Qxe3 Nd7 16. Nd5 Bxd5 17. Bxd5 Qc7 18. Rd3 Rc8 19. Rc3 Qb8 20. h4 Rxc3 21. Qxc3 Bg7 22. Qf3 f6 23. Bxb7 Ke7 24. Bxa6 Qb4 25. a3 Qxh4 26. Qd5 Qf4+ 27. Kb1 Qxf5 28. Bc4 fxg5 29. Rd1 Qf6 30. Rd3 g4 31. Rb3 Rb8 32. Rxb8 Nxb8 33. a4 Nd7 34. a5 e4 35. c3 Qe5 36. Qf7+ Kd8 37. Be6 Nf8 38. Bd5 Qe7 39. Qxh5 e3 40. fxe3 Qxe3 41. Ka2 Qc5 42. Qg5+ Ke8 43. Qh5+ Kd8 44. Qg5+ Kc8 45. a6 Be5 46. Qf5+ Nd7 47. Be6 Qa5+ 48. Kb1 Qxa6 49. Bxd7+ Kc7 50. Qxg4 Qd3+ 51. Ka2 Qd5+ 52. Kb1 Qd3+ 53. Ka2 Qd5+ 54. Ka3 Qa5+ 55. Kb3 Qb6+ 56. Ka2 Qa5+ 57. Ba4 Qd5+ 58. Ka3 Qc5+ 59. Kb3 Qd5+ 60. Kc2 Kb6 61. Qb4+ Kc7 62. Bb5 Qg2+ 63. Kb3 Qd5+ 64. Bc4 Qb7 65. Qxb7+ Kxb7 66. Bd5+ Kb6 67. Kc4 Bg3 68. Be4 Bf4 69. Kd5 Bc1 70. b3 Bd2 71. Kc4 Be1 72. Kd4 Bf2+ 73. Kd5 Be1 74. c4 Bb4 1/2-1/2

[Event "HUN-chT 1011"]
[Site "Hungary"]
[Date "2011.02.20"]
[Round "6"]
[White "Groszpeter, Attila"]
[Black "Varadi, Viktor"]
[Result "1-0"]
[WhiteElo "2525"]
[BlackElo "2402"]
[PlyCount "69"]
[EventDate "2010.10.10"]
[EventType "team-tourn"]
[EventRounds "11"]
[EventCountry "HUN"]
[SourceTitle "EXT 2012"]
[Source "ChessBase"]
[SourceDate "2011.11.24"]
[SourceVersion "1"]
[SourceVersionDate "2011.11.24"]
[SourceQuality "1"]
[WhiteTeam "Paks"]
[BlackTeam "Kazincbarcika"]
[WhiteTeamCountry "HUN"]
[BlackTeamCountry "HUN"]

1. e4 c5 2. Nf3 e6 3. d4 cxd4 4. Nxd4 a6 5. Bd3 Nf6 6. 0-0 Qc7 7. Qe2 d6 8. c4 g6 9. Nc3 Bg7 10. Rd1 0-0 11. Nf3 Nc6 12. h3 b6 13. Bf4 Nd7 14. Rac1 Nde5 15. Qe3 Nxf3+ 16. Qxf3 Ne5 17. Qe3 Rd8 18. Be2 Rb8 19. b3 Bb7 20. h4 Bc6 21. h5 Qe7 22. Qg3 b5 23. c5 f6 24. cxd6 Rxd6 25. hxg6 hxg6 26. Bxe5 fxe5 27. Rxd6 Qxd6 28. Rd1 Qc5 29. Qxg6 Qxc3 30. Qxe6+ Kh8 31. Rd3 Qc1+ 32. Bf1 Kh7 33. Rh3+ Bh6 34. Qf7+ Kh8 35. Qg6 1-0

[Event "HUN-chT 1011"]
[Site "Hungary"]
[Date "2010.10.10"]
[Round "1"]
[White "Varadi, Viktor"]
[Black "Tatar Kis, Szabolcs"]
[Result "0-1"]
[WhiteElo "2402"]
[BlackElo "2376"]
[PlyCount "130"]
[EventDate "2010.10.10"]
[EventType "team-tourn"]
[EventRounds "11"]
[EventCountry "HUN"]
[SourceTitle "EXT 2012"]
[Source "ChessBase"]
[SourceDate "2011.11.24"]
[SourceVersion "1"]
[SourceVersionDate "2011.11.24"]
[SourceQuality "1"]
[WhiteTeam "Kazincbarcika"]
[BlackTeam "Penzugyor"]
[WhiteTeamCountry "HUN"]
[BlackTeamCountry "HUN"]

1. e4 c6 2. d4 d5 3. exd5 cxd5 4. Bd3 Nc6 5. c3 Qc7 6. Ne2 Bg4 7. f3 Bd7 8. Bf4 e5 9. dxe5 Nxe5 10. 0-0 Bd6 11. Na3 a6 12. Nc2 Ne7 13. Ncd4 0-0 14. Re1 Rfe8 15. Bg3 Rad8 16. Qc2 N7g6 17. b3 Re7 18. Nf5 Bxf5 19. Bxf5 Nc6 20. Bxg6 hxg6 21. Bh4 Bxh2+ 22. Kf1 g5 23. Bxg5 f6 24. Bh4 Bd6 25. Rad1 Bc5 26. Bf2 Bxf2 27. Kxf2 Qb6+ 28. Kf1 Qc7 29. Qd3 Qh2 30. Kf2 Qh7 31. Qxh7+ Kxh7 32. Rd2 g5 33. Red1 Red7 34. Nd4 Ne7 35. Ne6 Rc8 36. c4 Rd6 37. cxd5 Nxd5 38. Nxg5+ fxg5 39. Rxd5 Rc2+ 40. Kg3 Rxd5 41. Rxd5 Rxa2 42. Rd7+ Kg6 43. Rxb7 a5 44. Ra7 Kf5 45. Kh3 Ra3 46. Rb7 a4 47. Rb5+ Kf6 48. b4 Rc3 49. Ra5 a3 50. Ra6+ Kf5 51. g4+ Kf4 52. Rf6+ Ke3 53. Kg3 Ke2 54. Re6+ Re3 55. Ra6 Rxf3+ 56. Kg2 Rb3 57. Ra5 Kd2 58. Rxg5 Kc2 59. Ra5 Kb2 60. g5 Rxb4 61. Kf3 a2 62. g6 a1Q 63. Rxa1 Kxa1 64. g7 Rb8 65. Kf4 Rg8 0-1

[Event "HUN-chT 0809"]
[Site "Hungary"]
[Date "2008.12.21"]
[Round "4"]
[White "Nemeth, Miklos"]
[Black "Varadi, Viktor"]
[Result "1-0"]
[WhiteElo "2479"]
[BlackElo "2432"]
[PlyCount "83"]
[EventDate "2008.10.26"]
[EventType "team-tourn"]
[EventRounds "11"]
[EventCountry "HUN"]
[SourceTitle "EXT 2010"]
[Source "ChessBase"]
[SourceDate "2010.11.25"]
[SourceVersion "1"]
[SourceVersionDate "2010.11.25"]
[SourceQuality "1"]
[WhiteTeam "Haladas"]
[BlackTeam "Kazincbarcika"]
[WhiteTeamCountry "HUN"]
[BlackTeamCountry "HUN"]

1. e4 c5 2. Nf3 d6 3. Bc4 Nf6 4. d3 Nc6 5. c3 e6 6. Bb3 Be7 7. 0-0 0-0 8. Re1 Ne5 9. h3 Qc7 10. d4 Nxf3+ 11. Qxf3 e5 12. Na3 Bd7 13. Bg5 cxd4 14. cxd4 b5 15. Nc2 h6 16. Bh4 Be6 17. Rac1 Rac8 18. Bg3 Bxb3 19. Qxb3 Nh5 20. Nb4 Qxc1 21. Rxc1 Rxc1+ 22. Kh2 Nxg3 23. Kxg3 Rc4 24. Nd5 Bg5 25. h4 Bf4+ 26. Kf3 a6 27. Qa3 Rxd4 28. Qxd6 Rd3+ 29. Kg4 Rd4 30. f3 g6 31. g3 h5+ 32. Kh3 Bh6 33. Nf6+ Kh8 34. Qxe5 Rd2 35. Nxh5+ f6 36. Nxf6 Bg7 37. Qg5 Rd3 38. e5 Rxf3 39. Qxg6 Bxf6 40. Qh5+ Kg7 41. Qxf3 Bxe5 42. Qb7+ 1-0